| 000 | 00506nam a2200157Ia 4500 | ||
|---|---|---|---|
| 008 | 170221s9999 xx 000 0 und d | ||
| 100 | _aMokhtar Elareshi | ||
| 245 | _aHow GCC University Students Get Local News and Information | ||
| 245 | _cMokhtar Elareshi, Abdul-Karim Ziani, Barrie Gunter | ||
| 260 | _bStudies in Media and Communication | ||
| 260 | _c2012 | ||
| 300 | _a4 : | ||
| 650 | _xCommunication | ||
| 650 | _xMedia Arts | ||
| 856 | _uhttp://redfame.com/journal/index.php/smc/issue/view/20 | ||
| 999 |
_c309067 _d309067 |
||